| 000 | 00524nam a2200181Ia 4500 | ||
|---|---|---|---|
| 999 |
_c23242 _d23242 |
||
| 003 | OSt | ||
| 005 | 20200512101739.0 | ||
| 008 | 190216s9999||||xx |||||||||||||| ||und|| | ||
| 020 | _a9781851683956 | ||
| 040 | _coclc | ||
| 082 |
_a297.0922 _bDEL/N |
||
| 100 |
_a Delong-Bas, Natana J _92202 |
||
| 245 | 0 |
_aNotable Muslims / _cNatana J Delong-Bas |
|
| 260 |
_bOneworld Oxford, _c2007. _aEngland: |
||
| 300 | _a390p | ||
| 650 | _aIslamic History | ||
| 942 |
_cBK _2ddc _h297.0922 _iDEL/N _k297.0922 _mDEL/N |
||